[Event "TORO 2016 (B)"]
[Site "Gatineau"]
[Date "2016.06.05"]
[Round "4"]
[White "Jr Guipi Bopala Prince Eric"]
[Black "Fei, David"]
[Result "0-1"]
[BlackElo "1888"]
[EventDate "2016.06.05"]
[WhiteElo "1663"]

1.d4 d5 2.c4 dxc4 3.Nf3 Nf6 4.e3 e6 5.Bxc4 c5 6.O-O a6 7.Qc2 b5 8.Be2 Nbd7
9.Rd1 Qb6 10.b3 Bb7 11.Bb2 Be4 12.Qd2 Be7 13.Nc3 Bb7 14.Rac1 O-O 15.Ne1 cxd4
16.exd4 Bd6 17.Bf3 Bxf3 18.Nxf3 Qb8 19.Ne2 Qb7 20.Nc3 h6 21.Rc2 Rad8 22.Qe2
b4 23.Na4 Rc8 24.Rdc1 Nd5 25.Nc5 Nxc5 26.dxc5 Bf4 27.Rd1 Bb8 28.Ne5 Nf4
29.Qg4 Bxe5 30.Bxe5 Ng6 31.Bd6 Rfe8 32.Rdc1 Rc6 33.Qf3 Rec8 34.Qg3 Ne7 35.Be5
Nf5 36.Qf3 Qb5 37.g4 Rxc5 38.Rxc5 Rxc5 39.Rxc5 Qxc5 40.gxf5 Qxe5 41.fxe6 Qxe6
42.Qd1 Kh7 43.Qd3+ Qg6+ 44.Qg3 Qb1+ 45.Kg2 Qxa2 46.Qd3+ g6 47.Qd5 Qb2
48.Qxf7+ Qg7 49.Qc4 Qb7+ 50.Kg1 h5 51.Qc5 Qe4 52.Qc7+ Kh6
{ et je suis incapable de décrypter le reste de la partie qui s'est
terminée au 107e coup. 0-1 } 0-1

[Event "TORO 2016 (B)"]
[Site "Gatineau"]
[Date "2016.06.05"]
[Round "5"]
[White "Orozco, Joey"]
[Black "Jobin, Gilles G."]
[Result "1/2-1/2"]
[BlackElo "1759"]
[EventDate "2016.06.05"]
[WhiteElo "1721"]

1.Nf3 Nf6 2.g3 g6 3.Bg2 Bg7 4.O-O O-O 5.d4 d5 6.Nbd2 Nbd7 7.c4 c6 8.cxd5 cxd5
9.b3 b6 10.Bb2 Bb7 11.Rc1 Rc8 12.Rxc8 Qxc8 13.Qc1 Ba6 14.Qd1 Re8 15.Re1 Qb8
16.Bf1 Rc8 17.Qb1 Bh6 18.Rc1 Rxc1 19.Qxc1 Qc8 20.Qxc8+ Bxc8 21.Ba3 e6 22.e3
Bf8 23.Bxf8 Kxf8 24.Ne5 Nxe5 25.dxe5 Nd7 26.f4 Ke7 27.e4 Bb7 28.Bg2 Nc5
29.Kf2 f6 30.exf6+ Kxf6 31.e5+ Ke7 32.Bf1 Ba6 33.Bxa6 Nxa6 34.a3 Nb8 35.b4 a6
36.Ke3 Nc6 37.Nb3 h5 38.Kf3 Kf7 39.h3 g5 40.Ke3 Kg6 41.g4 hxg4 42.hxg4 gxf4+
43.Kxf4 Kh6 44.Nc1 Nd4 45.Nd3 Nb5 46.a4 Nc3 47.a5 bxa5 48.bxa5 Na4 49.Ke3 Kg5
50.Kd4 Kxg4 51.Nb4 Nb2 52.Kc5 ( { Il fallait absolument essayer } 52.Nxd5
{ car la position est plus complexe à calculer pour les Noirs. } 52...exd5
{ Le seul coup qui garantit la nulle, mais je ne pense pas que j'aurais
trouvé la suite sur l'échiquer car il ne me restait que quelques secondes
au cadran. } ( 52...Kf5 $4 53.Nc7 $18 ) 53.e6 Nc4 $3 54.Kxd5 Ne3+ $3
{ Encore une fois, le seul coup garantissant la nulle. } 55.Kc6 Nf5 56.Kb7 ( 
56.Kd7 Kf4 57.e7 Nxe7 58.Kxe7 Ke5 59.Kd7 Kd5 60.Kc7 Kc5 61.Kb7 $4 ( 61.Kd7
Kb5 62.Kd6 Kxa5 $10 ) ) 56...Nd6+ 57.Kxa6 Kf5 58.e7 Ke6 59.Kb6 Kxe7 60.Kc7
Nb5+ 61.Kb6 Nd6 62.Kc6 Nc8 63.Kc7 Na7 64.Kb7 Kd7 65.Kxa7 Kc7 66.Ka8 Kc8 $10 )
52...Nc4 53.Nxd5 Nxa5 54.Nb4 Kf5 1/2-1/2

[Event "TORO 2016 (B)"]
[Site "Gatineau"]
[Date "2016.06.05"]
[Round "5"]
[White "Lecorre, joël"]
[Black "Bolduc, Olivier"]
[Result "0-1"]
[BlackElo "1441"]
[EventDate "2016.06.05"]
[WhiteElo "1738"]

1.e4 c6 2.d4 d5 3.Nc3 dxe4 4.Nxe4 Bf5 5.Ng3 Bg6 6.Nf3 e6 7.Bd3 Bxd3 8.cxd3
Nf6 9.O-O Bd6 10.Ne4 Bc7 11.Re1 Nbd7 12.Nc5 Nxc5 13.dxc5 O-O 14.Bg5 Qe7
15.Qc2 Rad8 16.b4 Rd5 17.Rad1 Rfd8 18.h3 Qd7 19.d4 Rf5 20.Qb3 Bb8 21.g4 Rd5
22.Qe3 { (Cellulaire) } 0-1

[Event "TORO 2016 (B)"]
[Site "Gatineau"]
[Date "2016.06.05"]
[Round "5"]
[White "Brûlé, Daniel"]
[Black "Van Dusen, Eric"]
[Result "0-1"]
[BlackElo "1675"]
[EventDate "2016.06.05"]
[WhiteElo "1544"]

1.e4 e6 2.Nc3 d5 3.exd5 exd5 4.d4 c6 5.Bd3 Bd6 6.Nf3 Ne7 7.Be3 Bf5 8.h3 Nd7
9.g4 Bxd3 10.Qxd3 Qc7 11.O-O-O O-O-O 12.Nd2 Rdf8 13.f4 Bxf4 14.Bf2 Nb6 15.Kb1
f5 16.Nb3 Bd6 17.Nc5 Bxc5 18.dxc5 Nd7 19.Rde1 Rf7 20.Rxe7 Rxe7 21.Qxf5 Rf8
22.Qxh7 Rxf2 23.Qh4 Ref7 24.Rd1 Rf1 25.b4 g5 26.Qh8+ Qd8 27.Qxd8+ Kxd8
28.Rxf1 Rxf1+ 29.Kb2 Rh1 0-1

[Event "TORO 2016 (B)"]
[Site "Gatineau"]
[Date "2016.06.05"]
[Round "5"]
[White "Xu, Daniel"]
[Black "Laflèche, Alain"]
[Result "0-1"]
[BlackElo "1718"]
[EventDate "2016.06.05"]
[WhiteElo "1646"]

1.d4 d5 2.c4 Nc6 3.Nf3 Bg4 4.e3 e5 5.cxd5 Qxd5 6.Nc3 Bb4 7.dxe5 Qxd1+ 8.Kxd1
Bxc3 9.bxc3 Nxe5 10.Be2 O-O-O+ 11.Kc2 Bf5+ 12.Kb2 Ng4 13.Rf1 h5 14.h3 N4f6
15.Nd4 Bg6 16.Kb3 Nh6 17.Ba3 Nf5 18.Nxf5 Bxf5 19.Rad1 Ne4 20.Bd3 Rh6 21.Kc2
Bh7 22.Bb2 Rhd6 23.Bxe4 Bxe4+ 24.Kc1 Rxd1+ 25.Rxd1 Rxd1+ 26.Kxd1 Bxg2 27.h4
Bf3+ 28.Kd2 Kd7 29.c4 f6 30.Kd3 Ke6 31.e4 g5 32.Ke3 Bg2 33.hxg5 fxg5 34.f3 c5
35.Kf2 Bh3 36.Bc3 Ke7 37.Bd2 Kf6 38.Bc3+ Kg6 39.Be5 Be6 40.Bb8 a6 41.Ba7 Bxc4
42.Bxc5 Bxa2 43.Bb6 Bb1 44.Kg3 Bc2 45.Kh3 Bd1 46.Kg3 Kf6 47.f4 h4+ 48.Kh3
gxf4 49.Kxh4 Ke5 50.Kg5 Kxe4 51.Kf6 Kd5 0-1

[Event "TORO 2016 (B)"]
[Site "Gatineau"]
[Date "2016.06.05"]
[Round "5"]
[White "Fei, David"]
[Black "Kearnan, Daniel"]
[Result "1-0"]
[BlackElo "1780"]
[EventDate "2016.06.05"]
[WhiteElo "1888"]

1.e4 Nf6 2.e5 Nd5 3.d4 d6 4.Nf3 dxe5 5.Nxe5 c6 6.Bd3 Nd7 7.Nxd7 Bxd7 8.O-O g6
9.Re1 Bg7 10.c4 Nb4 11.Be4 f5 12.Bf3 e5 13.Qb3 Na6 14.Qxb7 Nc7 15.Bxc6 O-O
16.Bxd7 Qxd7 17.dxe5 Bxe5 18.Nc3 Rfe8 19.Be3 Rab8 20.Qxa7 Rxb2 21.Nd5 Ra8
22.Nb6 Rxb6 23.Qxb6 Bxa1 24.Rxa1 Rxa2 25.Rc1 Ra6 26.Qb7 Rd6 27.Qb3 Rd3 28.Qc2
Ne6 29.c5 f4 30.c6 Qd6 31.Bb6 Rd2 32.Qa4 Rb2 33.Qa8+ Kg7 34.Qb7+ Kh6 35.c7
Nxc7 36.Bxc7 Qd2 37.Bxf4+ 1-0

[Event "TORO 2016 (B)"]
[Site "Gatineau"]
[Date "2016.06.05"]
[Round "5"]
[White "Ju, Lawrence"]
[Black "Relyea, F. Alexander"]
[Result "0-1"]
[BlackElo "1800"]
[EventDate "2016.06.05"]
[WhiteElo "1672"]

1.d4 e6 2.c4 c6 3.Nc3 d5 4.Nf3 dxc4 5.a4 Bb4 6.e4 b5 7.axb5 cxb5 8.Bd2 Bxc3
9.Bxc3 Nf6 10.Qc2 Bb7 11.Nd2 a5 12.e5 Nd5 13.Ne4 O-O 14.Bd2 h6 15.b3 cxb3
16.Qxb3 b4 17.Qg3 Kh8 18.Bxh6 gxh6 19.Qh3 Kh7 20.Bd3 Nf4 21.Nf6+ Kg7 22.Qg4+
Ng6 23.Nh5+ Kh8 24.Nf6 Nxe5 25.Qh4 Nxd3+ 26.Kd2 Kg7 27.Nh5+ Kg6 28.Qg3+ Qg5+
29.Kxd3 Qxg3+ 30.Nxg3 Rd8 31.Rhe1 Bxg2 32.Rg1 Bb7 33.Nh5+ Kxh5 34.Rg3 e5
35.Rag1 Rxd4+ 0-1

[Event "TORO 2016 (B)"]
[Site "Gatineau"]
[Date "2016.06.05"]
[Round "5"]
[White "Langer, Herb"]
[Black "Balazadeh, Kamal"]
[Result "0-1"]
[BlackElo "1822"]
[EventDate "2016.06.05"]
[WhiteElo "1713"]

1.c4 Nf6 2.g3 d5 3.Bg2 c6 4.cxd5 cxd5 5.Nf3 Nc6 6.d4 e6 7.O-O Be7 8.Nc3 O-O
9.a3 a5 10.Bd2 Bd7 11.Qb3 Ne4 12.Bf4 g5 13.Be3 Bf6 14.h3 Qb8 15.Nxe4 dxe4
16.Nxg5 Bxg5 17.Bxg5 Nxd4 18.Qc4 Qe5 19.Bf4 Qg7 20.Bxe4 Bb5 21.Qc7 Nxe2+
22.Kh2 Nxf4 23.gxf4 Bxf1 24.Rxf1 Kh8 25.Rg1 Qxb2 26.Rg2 Qd4 27.Bxb7 Ra7
28.Qe7 Qxf4+ 29.Kh1 Rb8 30.Rg4 Raxb7 31.Qxb7 Qc1+ 32.Rg1 Qxg1+ 0-1

[Event "TORO 2016 (B)"]
[Site "Gatineau"]
[Date "2016.06.05"]
[Round "5"]
[White "Séguin, Hubert"]
[Black "Piché, Guy"]
[Result "1-0"]
[BlackElo "1872"]
[EventDate "2016.06.05"]
[WhiteElo "1646"]

1.e4 d6 2.d4 Nf6 3.Nc3 Nbd7 4.f4 e5 5.fxe5 dxe5 6.dxe5 Nxe5 7.Qxd8+ Kxd8
8.Bf4 Bd6 9.O-O-O Ke7 10.Kb1 Bg4 11.Be2 c6 12.Nf3 Rad8 13.Bxe5 Bxf3 14.Bxd6+
Rxd6 15.Rxd6 Kxd6 16.Rd1+ Ke5 17.gxf3 Re8 18.b4 Re7 19.a4 Nh5 20.Kc1 Nf4
21.Bf1 Ne6 22.Bh3 Nd4 23.f4+ 1-0

[Event "TORO 2016 (B)"]
[Site "Gatineau"]
[Date "2016.06.05"]
[Round "5"]
[White "Gan, David"]
[Black "Bigras, Jean"]
[Result "1/2-1/2"]
[BlackElo "1732"]
[EventDate "2016.06.05"]
[WhiteElo "1661"]

1.e4 d5 2.exd5 Nf6 3.d4 Bg4 4.Be2 Bxe2 5.Qxe2 Qxd5 6.Nf3 Nc6 7.c4 Qf5 8.a3
O-O-O 9.d5 Na5 10.Nbd2 e6 11.dxe6 Qxe6 12.Ne5 ( 12.Qxe6+ fxe6 13.Ne5 Rg8
14.b4 Nc6 15.Nxc6 bxc6 16.Nf3 Bd6 17.c5 Be7 18.Ne5 Kb7 19.Be3 Nd5 20.O-O-O
Nxe3 21.fxe3 Rd5 22.Rxd5 exd5 23.Rf1 Rf8 24.Rxf8 Bxf8 25.Kc2 Be7 26.a4 Bg5
27.Kd2 d4 28.Nc4 dxe3+ 29.Nxe3 a6 ) 12...Rg8 13.b4 Nc6 14.Nxc6 bxc6 15.Nf3
Bd6 16.c5 Be7 17.Ne5 Kb7 18.Be3 1/2-1/2

[Event "TORO 2016 (B)"]
[Site "Gatineau"]
[Date "2016.06.05"]
[Round "5"]
[White "Bernatchez, Lucas"]
[Black "Forgues, Éric"]
[Result "0-1"]
[BlackElo "1540"]
[EventDate "2016.06.05"]
[WhiteElo "1646"]

1.c4 e5 2.Nf3 Nc6 3.Nc3 Nf6 4.d4 exd4 5.Nxd4 Nxd4 6.Qxd4 Be7 7.e4 d6 8.Be2 h6
9.Nd5 Nxd5 10.cxd5 Bf6 11.Qa4+ Bd7 12.Bb5 a6 13.Bxd7+ Qxd7 14.Qb4 c5 15.dxc6
bxc6 16.Rb1 O-O 17.O-O Rfe8 18.b3 c5 19.Qc4 Bd4 20.Qd5 Qe6 21.Bf4 Qxe4
22.Qxd6 Rad8 23.Qc7 Rc8 24.Qd6 Red8 25.Rbe1 Qf5 26.Qxa6 Qxf4 27.Re2 Ra8
28.Qc6 Ra7 29.Rfe1 Kh7 30.g3 Qf5 31.Kg2 Qd5+ 32.Qxd5 Rxd5 33.Rc1 Rb7 34.f4
Rdd7 35.Kf3 Re7 36.Rcc2 f5 37.h3 g5 38.g4 fxg4+ 39.hxg4 gxf4 40.Kxf4 Kg6
41.Kf3 Rf7+ 42.Kg3 Rf6 43.Re4 Rbf7 44.Rce2 Rf3+ 45.Kg2 Kg5 46.b4 Rf2+ 47.Rxf2
Rxf2+ 48.Kh3 Rf3+ 49.Kg2 Rf4 50.Rxf4 Kxf4 51.bxc5 Kxg4 52.c6 Bb6 53.a3 Kf5
54.Kh3 Ke6 55.Kg4 Kd6 56.Kf5 Be3 57.a4 Kxc6 58.a5 Kb5 59.a6 Kxa6 60.Kg4 Kb6
61.Kh5 Kc6 62.Kg4 Kd5 63.Kh4 Ke4 64.Kg4 Bg5 65.Kh5 $4 ( 65.Kg3 $10 ) 65...Kf4
66.Kg6 Kg4 0-1

[Event "TORO 2016 (B)"]
[Site "Gatineau"]
[Date "2016.06.05"]
[Round "5"]
[White "Bourassa, Louis"]
[Black "Girard, Sylvain"]
[Result "1/2-1/2"]
[BlackElo "1684"]
[EventDate "2016.06.05"]
[WhiteElo "1533"]

1.e4 Nf6 2.e5 Nd5 3.d4 d6 4.c4 Nb6 5.exd6 cxd6 6.Nf3 g6 7.Be2 Bg7 8.Be3 Nc6
9.O-O O-O 10.Nc3 Bg4 11.b3 e6 12.Qd2 Qe7 13.Rad1 d5 14.c5 Nd7 15.Bh6 Nf6
16.Bxg7 Kxg7 17.Ne5 Bxe2 18.Nxc6 bxc6 19.Qxe2 Qb7 20.Qe5 Qe7 21.Rd3 Kg8
22.Qg5 Rfe8 23.Rh3 Nd7 24.Qh6 Nf8 25.Re1 Qf6 26.Qe3 Rad8 27.Rf3 Qe7 28.Qf4
Rc8 29.h4 Qc7 30.Qg5 Qe7 31.Qg4 Nd7 32.Qf4 Kg7 33.h5 g5 34.Rg3 h6 35.Qe3 Nf6
36.Qe5 Kh7 37.Qe2 Nd7 38.Re3 Qf6 39.Rf3 Qe7 40.Nd1 Nf6 41.Re3 Ne4 42.Nc3 Nf6
43.Nb1 Ne4 44.Nd2 Nxd2 45.Qxd2 Qc7 46.Re5 Rg8 47.Qd3+ Kh8 48.Qf3 Qe7 49.Rf5
Kg7 50.Qe3 Rce8 51.Re5 Qf6 52.Qd3 Qe7 53.Qf3 Qf6 54.Qd3 Qe7 55.R1e3 Qd8
56.Re2 Qf6 57.Qd2 Qf4 58.Qxf4 gxf4 59.f3 1/2-1/2

[Event "TORO 2016 (B)"]
[Site "Gatineau"]
[Date "2016.06.05"]
[Round "5"]
[White "Scantland, Patrick"]
[Black "Montreuil, Carl"]
[Result "1-0"]
[BlackElo "1593"]
[EventDate "2016.06.05"]
[WhiteElo "1831"]

1.e4 c5 2.Nf3 Nc6 3.d4 cxd4 4.Nxd4 e5 5.Nb3 Nf6 6.Nc3 Be7 7.Be3 O-O 8.Bd3 d6
9.f3 Be6 10.Qd2 a6 11.g4 Nb4 12.O-O-O Bxb3 13.cxb3 d5 14.exd5 Nbxd5 15.Nxd5
Nxd5 16.Bxh7+ Kxh7 17.Qxd5 Qc7+ 18.Kb1 b6 19.Rc1 Qa7 20.Qxe5 Bc5 21.Bxc5 bxc5
22.Qxc5 Qb7 23.Qc6 Qb8 24.Rc5 g6 25.Qe4 Qd6 26.Rd5 Qf6 27.h4 Rfe8 28.Qd3 Kg8
29.h5 Rad8 30.hxg6 Rxd5 31.Qxd5 Qxg6+ 32.Ka1 Kg7 33.Qd4+ f6 34.a3 Rf8 35.g5
Qf5 36.gxf6+ Qxf6 37.Qxf6+ Rxf6 38.Rf1 Kf7 39.f4 Ke6 40.f5+ Kd5 41.a4 a5
42.Ka2 Ke4 43.Ka3 Ke5 44.b4 axb4+ 45.Kxb4 Rb6+ 46.Ka3 Kf6 47.b4 Rd6 48.a5 Ra6
49.Ka4 Ke7 50.f6+ Kf7 51.b5 Re6 52.a6 Re2 53.Ka5 Ra2+ 54.Kb6 Rb2 55.a7 Ra2
56.Kb7 Ra5 57.Rb1 Kxf6 58.a8=Q 1-0

[Event "TORO 2016 (B)"]
[Site "Gatineau"]
[Date "2016.06.05"]
[Round "5"]
[White "Labrecque, Réjean"]
[Black "Poirier, Alexis"]
[Result "0-1"]
[BlackElo "1599"]
[EventDate "2016.06.05"]
[WhiteElo "1778"]

1.d4 Nf6 2.c4 c5 3.d5 e5 4.Nc3 d6 5.e4 Be7 6.Nf3 Nbd7 7.Bd3 Nf8 8.h3 Ng6
9.Be3 h6 10.Qc2 Nh7 11.O-O-O Ng5 12.Nxg5 Bxg5 13.Qd2 Nf4 14.Rdg1 Qf6 15.Ne2
Nxe2+ 16.Bxe2 Bxe3 17.Qxe3 O-O 18.g3 Bd7 19.f4 Rab8 20.f5 b5 21.h4 bxc4
22.Bxc4 Rb4 23.b3 Rfb8 24.Kc2 Ba4 25.Rb1 Rxc4+ 26.Kb2 Rd4 27.Ka1 Bd7 28.g4
Rbb4 29.g5 Rxe4 30.Qxe4 Rxe4 31.gxf6 Bxf5 32.fxg7 Rg4 33.Rbg1 Rxg7 34.Rxg7+
Kxg7 35.Rc1 Bg4 36.Rc3 Kg6 37.Kb2 Kh5 38.Ka3 Kxh4 39.b4 cxb4+ 40.Kxb4 f5
41.Ra3 f4 42.Rxa7 f3 43.Rf7 Kg3 44.Kb5 Kg2 45.Kc6 f2 46.Rxf2+ Kxf2 47.Kxd6 e4
48.a4 e3 49.a5 e2 50.a6 e1=Q 0-1

[Event "TORO 2016 (B)"]
[Site "Gatineau"]
[Date "2016.06.05"]
[Round "5"]
[White "Mcleod, Jack"]
[Black "Tsanaclis, Albert"]
[Result "1-0"]
[BlackElo "1598"]
[EventDate "2016.06.05"]
[WhiteElo "1655"]

1.d4 d5 2.c4 c6 3.Nf3 Nf6 4.Bg5 dxc4 5.Nc3 b5 6.a4 Bd7 7.axb5 cxb5 8.Ne5 b4
9.Na4 Ne4 10.Bc1 Bb5 11.f3 Nf6 12.e4 e6 13.Bxc4 Bxc4 14.Nxc4 Nc6 15.Be3 Be7
16.O-O O-O 17.b3 Nd7 18.d5 exd5 19.Qxd5 Qc7 20.Qd2 Nde5 21.Rfc1 Rfd8 22.Qe2
Bf6 23.Bf4 Nd4 24.Qe3 Qe7 ( 24...Nxc4 $1 25.Bxc7 Nxe3 26.Bxd8 Rxd8 $19 )
25.Bxe5 Bxe5 26.Nxe5 Qxe5 27.Rab1 Rac8 28.Rd1 Rc2 29.Kh1 Re2 $4 30.Qxe2 Rd6
31.Qe3 Rh6 32.f4 Qh5 33.h3 Nc6 34.Rbc1 Qg4 35.Kg1 Qh5 36.Qxa7 g5 37.Qa8+ Kg7
38.Rd5 Rg6 39.Rxc6 Qe2 40.Rxg6+ hxg6 41.Qb8 g4 42.Qe5+ Kh7 43.Qa1 Qe3+ 44.Kh1
gxh3 45.Qf1 hxg2+ 46.Qxg2 Qe1+ 47.Kh2 Kg7 48.Rd2 Qh4+ 49.Kg1 Qxf4
{ et je suis incapable de reconstituer la suite. (1-0;79) } 1-0